| 000 | 00810nam a22001937a 4500 | ||
|---|---|---|---|
| 999 |
_c17140 _d17140 |
||
| 003 | AR-CdUCM | ||
| 008 | 190410b ||||| |||| 00| 0 esp d | ||
| 040 |
_aMUNICIPALIDAD PROVINCIAL DEL CUSCO _cBIBLIOTECA MUNICIPAL DEL CUSCO |
||
| 082 |
_a985.05 / _bSA235 |
||
| 245 |
_aPróceres del Perú : _bFelipe Santiago Estenós / |
||
| 260 |
_aBuenos Aires : _bInstituto peruano de sociologia, _c1955. |
||
| 300 |
_a228 páginas ; _b21 cm. |
||
| 505 | _aContenido: Estenos en la Universidad de San Marcos -- Entrevista con el Protector San Martín -- Primer congreso constituyente de Perú -- La llegada de Bolivia -- Estenós y el Cacique Ara ... | ||
| 650 |
_aHéroes _91336 |
||
| 650 |
_aPublicaciones militares _930780 |
||
| 650 |
_aHistoria del Perú _9259 |
||
| 942 |
_2ddc _cLIBROS |
||
| 945 |
_adavv _d07/05/2019 |
||